000 00637nam a2200217 i 4500
001 bg
100 1 _aLEINECKER, Richard C.
245 1 0 _aVisual C++5 :
_bnarzędzia programowania /
_cRichard C. Leinecker.
246 _iTyt. oryg.:
_aVisual C++5 power toolkit
260 _aWarszawa :
_bMikom,
_c1998.
300 _a563 s. :
_brys. ;
_c24 cm +
_eCD.
500 _aOryg.: "Visual C++5 power toolkit".
630 0 9 _aC (język programowania)
020 _a8371580789
040 _cBPK
041 1 _apl
_hen
080 _a519.682C++5:681.322.06
920 _a83-7158-078-9
942 _cKS
008 s pl f |000 0 pol
999 _c32380
_d32380
856 _uhttp://koha.tu.koszalin.pl/cgi-bin/koha/opac-detail.pl?biblionumber=32380
_yKatalog online BPK